Pokémon - Les attaques de Ramboum - Statistiques

Statistiques générales
  • Ce quiz a été pris 10 fois
  • Le résultat moyen est 8 sur 13
Statistiques - réponses
Niveaux Types Noms des attaques % Correct
Niveau 43 Normal Brouhaha
100%
Départ Normal Écho
71%
Départ Normal Écras'Face
71%
Départ Spectre Étonnement
71%
Niveau 57 Normal Mégaphone
71%
Départ Évolution Ténèbres Morsure
71%
Niveau 15 Normal Blabla Dodo
57%
Niveau 23 Normal Écrasement
57%
Départ Normal Grondement
57%
Niveau 15 Psy Repos
57%
Niveau 36 Normal Ultrason
43%
Niveau 50 Normal Grincement
29%
Niveau 29 Normal Hurlement
29%
Aucun quiz correspondant
Distribution des résultats
% des personnes avec chaque résultat
Percentile par nombre de réponses
Votre historique - résultats
Vous n’avez pas pris ce quiz